000 00861nam a22002177a 4500
005 20171129111334.0
010 _aUR-9862
020 6 _c70.00
035 _aU-8417
037 _bDBAD/PUB
082 _a270
100 _aمحمد فا ر و ق خا ن
245 _a حقیقت نبو ی
_cمحمد فا ر و ق خا ن
246 _b
_aHqeeeqat-e-Nabvi
250 _aby Mohd.Farooq Khan
260 _a نئی د لی
_bMerkazi Maktaba Islami Publishers
_c2012
270 _aD307,Dawat Nagar,Abul Fazal Enclave,Jamia Nagar ,
_b New Delhi
_e110025
_k01126971652
_l-
300 _a136ص
_c22 Cm.(B.b)
500 _aدو حصہ
942 _2ddc
_cUR
_h270
_mم ح م
_e
999 _c147036
_d147036